|
|
|
|
| LEADER |
06058nam a22004813i 4500 |
| 001 |
EBC30669126 |
| 003 |
MiAaPQ |
| 005 |
20231204023231.0 |
| 006 |
m o d | |
| 007 |
cr cnu|||||||| |
| 008 |
231204s2023 xx o ||||0 eng d |
| 020 |
|
|
|a 9783031323096
|q (electronic bk.)
|
| 020 |
|
|
|z 9783031323089
|
| 035 |
|
|
|a (MiAaPQ)EBC30669126
|
| 035 |
|
|
|a (Au-PeEL)EBL30669126
|
| 035 |
|
|
|a (OCoLC)1396698148
|
| 040 |
|
|
|a MiAaPQ
|b eng
|e rda
|e pn
|c MiAaPQ
|d MiAaPQ
|
| 050 |
|
4 |
|a HD45
|
| 082 |
0 |
|
|a 690.24
|
| 100 |
1 |
|
|a Lynn, Theo.
|
| 245 |
1 |
0 |
|a Disrupting Buildings :
|b Digitalisation and the Transformation of Deep Renovation.
|
| 250 |
|
|
|a 1st ed.
|
| 264 |
|
1 |
|a Cham :
|b Springer International Publishing AG,
|c 2023.
|
| 264 |
|
4 |
|c ©2023.
|
| 300 |
|
|
|a 1 online resource (187 pages)
|
| 336 |
|
|
|a text
|b txt
|2 rdacontent
|
| 337 |
|
|
|a computer
|b c
|2 rdamedia
|
| 338 |
|
|
|a online resource
|b cr
|2 rdacarrier
|
| 490 |
1 |
|
|a Palgrave Studies in Digital Business and Enabling Technologies Series
|
| 505 |
0 |
|
|a Intro -- Acknowledgements -- Book Description -- Contents -- Notes on Contributors -- Abbreviations -- List of Figures -- List of Tables -- Chapter 1: Deep Renovation: Definitions, Drivers and Barriers -- 1.1 Introduction -- 1.2 Deep Renovation -- 1.3 Rationales and Benefits of Deep Renovation -- 1.4 Barriers to Deep Renovation -- 1.4.1 Human Barriers to Deep Renovation Adoption and Use -- 1.4.2 Technological Barriers to Deep Renovation Adoption and Use -- 1.4.3 Organisational Barriers to Deep Renovation Adoption and Use -- 1.4.4 External Environment Barriers to Deep Renovation Adoption and Use -- 1.5 Conclusion -- References -- Chapter 2: Embedded Sensors, Ubiquitous Connectivity and Tracking -- 2.1 Introduction -- 2.2 Key Definitions, Technologies and Approaches -- 2.2.1 The Role of Sensors on Construction Sites -- 2.2.2 Smart Buildings and Smart Homes -- 2.2.3 IoT Architecture -- 2.3 Sensing During Construction and Renovation -- 2.4 Sensing During Operation: Smart Buildings -- 2.5 Challenges and Concerns -- 2.6 Conclusion -- References -- Chapter 3: Building Information Modelling -- 3.1 Introduction -- 3.2 BIM Applications, Benefits, and Beyond -- 3.3 Deep Renovation Projects: Key Challenges -- 3.4 The Potential for BIM in Deep Renovation Projects -- 3.5 Immediate Challenges in the Adoption of BIM Solutions -- 3.6 Further Developments and Challenges -- 3.7 Conclusion -- References -- Chapter 4: Building Performance Simulation -- 4.1 Introduction -- 4.2 Building Performance Simulation Approaches and Applications -- 4.2.1 Integrating Simulations with Other Knowledge-Based Decision Support Systems -- 4.2.2 Using Simulations to Evaluate and Compare Design Scenarios -- 4.2.3 Integrating Simulations with Real-Time Monitoring and Diagnostic Systems for Building Energy Management and Control -- 4.2.4 Integrating Multiple Simulation Applications.
|
| 505 |
8 |
|
|a 4.3 Building Performance Simulation Use Cases -- 4.4 Building Simulation: Challenges and Concerns -- 4.5 Conclusion -- References -- Chapter 5: Big Data and Analytics in the Deep Renovation Life Cycle -- 5.1 Introduction -- 5.2 Big Data Analytics -- 5.3 Use Cases and Applications of Big Data in Construction -- 5.4 Big Data and Deep Renovation -- 5.5 Advantages and Benefits -- 5.6 Challenges and Barriers -- 5.7 Future Developments -- 5.8 Conclusion -- References -- Chapter 6: Digital Twins and Their Roles in Building Deep Renovation Life Cycle -- 6.1 Introduction -- 6.2 What Is a Digital Twin -- 6.3 Creating Digital Twins -- 6.4 Digital Twin Use Cases -- 6.5 Challenges to Digital Twin Adoption -- 6.6 Conclusion and Future Direction -- References -- Chapter 7: Additive Manufacturing and the Construction Industry -- 7.1 Introduction -- 7.2 Additive Manufacturing in Construction and Deep Renovation -- 7.3 Benefits of Additive Manufacturing in Construction -- 7.4 Practical Challenges for AM in the Construction Industry -- 7.5 Future Areas of Development -- 7.6 Conclusion -- References -- Chapter 8: Intelligent Construction Equipment and Robotics -- 8.1 Key Definitions and Concepts -- 8.2 Introduction -- 8.3 Advantages and Benefits of IER -- 8.3.1 Improving Safety -- 8.3.2 Improving Productivity -- 8.3.3 Addressing Skilled Worker Shortage -- 8.4 Key Use Cases for Intelligent Construction Equipment and Robotics -- 8.5 IER for the Renovation Phase -- 8.6 Challenges and Barriers -- 8.7 Frameworks for Assessing and Implementing IER -- 8.8 Conclusion -- References -- Chapter 9: Cybersecurity Considerations for Deep Renovation -- 9.1 Introduction -- 9.2 Cybercrimes and Cybersecurity in Construction -- 9.3 International Standards, Best Practices and Cybersecurity Frameworks -- 9.4 Related Cybersecurity Research by Renovation Phase.
|
| 505 |
8 |
|
|a 9.5 The Need for a Contingency Approach -- 9.6 Conclusion -- References -- Chapter 10: Financing Building Renovation: Financial Technology as an Alternative Channel to Mobilise Private Financing -- 10.1 Introduction -- 10.2 Deep Renovation Financing: Key Terms and Concepts -- 10.3 Crowdfunding for Building Renovation -- 10.4 Blockchain for Building Renovation -- 10.5 Conclusion -- References -- Index.
|
| 588 |
|
|
|a Description based on publisher supplied metadata and other sources.
|
| 590 |
|
|
|a Electronic reproduction. Ann Arbor, Michigan : ProQuest Ebook Central, 2023. Available via World Wide Web. Access may be limited to ProQuest Ebook Central affiliated libraries.
|
| 655 |
|
4 |
|a Electronic books.
|
| 700 |
1 |
|
|a Rosati, Pierangelo.
|
| 700 |
1 |
|
|a Kassem, Mohamad.
|
| 700 |
1 |
|
|a Krinidis, Stelios.
|
| 700 |
1 |
|
|a Kennedy, Jennifer.
|
| 776 |
0 |
8 |
|i Print version:
|a Lynn, Theo
|t Disrupting Buildings
|d Cham : Springer International Publishing AG,c2023
|z 9783031323089
|
| 797 |
2 |
|
|a ProQuest (Firm)
|
| 830 |
|
0 |
|a Palgrave Studies in Digital Business and Enabling Technologies Series
|
| 856 |
4 |
0 |
|u https://ebookcentral.proquest.com/lib/matrademy/detail.action?docID=30669126
|z Click to View
|